Kenan Evren'in anıları/ (Record no. 13501)
[ view plain ]
| 000 -BAŞLIK | |
|---|---|
| Sabit Uzunlukta Kontrol Alanı | 00913nam a22002777a 4500 |
| 999 ## - SİSTEM KONTROL NUMARALARI (KOHA) | |
| Koha Biblionumber | 13501 |
| Koha Biblioitemnumber | 13501 |
| 003 - KONTROL NUMARASI IDENTIFIER | |
| Denetim Alanı | MIRAKIL |
| 005 - SON İŞLEM TARİHİ VE ZAMANI | |
| Denetim Alanı | 20211214000615.0 |
| 008 - SABİT-BOY VERİ ELEMANLARI - GENEL BİLGİLER | |
| Sabit Uzunlukta Kontrol Alanı | 190923b tu ||||| |||| 00| 0 tur d |
| 020 ## - ULUSLARARASI STANDART KİTAP NUMARASI | |
| Uluslararası Standart Kitap Numarası | 9755060774 |
| 020 ## - ULUSLARARASI STANDART KİTAP NUMARASI | |
| Uluslararası Standart Kitap Numarası | 9755060782 (1.c.) |
| 020 ## - ULUSLARARASI STANDART KİTAP NUMARASI | |
| Uluslararası Standart Kitap Numarası | 9755060790 (2.c.) |
| 020 ## - ULUSLARARASI STANDART KİTAP NUMARASI | |
| Uluslararası Standart Kitap Numarası | 9755060804 (3.c.) |
| 020 ## - ULUSLARARASI STANDART KİTAP NUMARASI | |
| Uluslararası Standart Kitap Numarası | 9755060812 (4.c) |
| 040 ## - KATALOGLAMA KAYNAK | |
| Orijinal Kataloglama Ajansı | TR-AnCHP |
| Metne Dönüştürmek Ajansı | TR-AnCHP |
| 041 ## - DİL KODU | |
| Metin / Ses Parça Veya Ayrı Başlığın Dil Kodu | tur |
| 082 ## - DEWEY ONLU SINIFLANDIRMA NUMARASI | |
| Sınıflandırma Numarası | 923.1561 Evren, K. |
| Ürün Numarası | E86k 1990 |
| 100 ## - ANA GİRİŞ - KİŞİSEL İSİM | |
| Kişisel Ad | Evren, Kenan |
| 245 10 - BAŞLIK TABLOSU | |
| Başlık | Kenan Evren'in anıları/ |
| Sorumluluk Tablosu, Vb | Kenan Evren. |
| 260 ## - YAYIN, DAĞITIM, VB | |
| Yayın, Dağıtım, Vb Yeri | İstanbul: |
| Yayıncı, Dağıtıcı, Vs Adı | Milliyet yayınları, |
| Yayın, Dağıtım, Vb Tarihi | 1990. |
| Üretici Firma | Orhan ofset. |
| 300 ## - FİZİKSEL TANIM | |
| Kapsam | c<1,2,3,4>; |
| Diğer Fiziksel Ayrıntıları | fotg.; |
| Boyutlar | 24 sm. |
| 490 0# - SERİSİ TABLOSU | |
| Seri Beyanı | Milliyet yayınları; |
| Hacim / Ardışık Tanımı | 127. |
| 600 #0 - KONU KATMA GİRİŞ - KURUMSAL ADI | |
| 9 (RLIN) | 5983 |
| Kişisel Ad | Evren, Kenan |
| Başlıklar Ve Bir Adla İlişkili Diğer Kelimeler | Türkiye Cumhuriyeti 7. Cumhurbaşkanı |
| Bir Adıyla İlişkilendirilen Tarihler | 1917-2015 |
| Genel Alt Bölümü | yaşamöyküsü |
| 650 #0 - KONU KATMA GİRİŞ - TOPİKAL DÖNEM | |
| Topikal Süreli Veya Coğrafi Ad Giriş Elemanı | Siyaset ve yönetim |
| Genel Alt Bölümü | Türkiye |
| Coğrafi Alt Bölümü | Türkiye |
| 9 (RLIN) | 9 |
| 650 #0 - KONU KATMA GİRİŞ - TOPİKAL DÖNEM | |
| 9 (RLIN) | 5273 |
| Topikal Süreli Veya Coğrafi Ad Giriş Elemanı | Devlet başkanları |
| Genel Alt Bölümü | Anılar |
| Coğrafi Alt Bölümü | Türkiye |
| 942 ## - EKLENDİ GİRİŞ ELEMANLARI (KOHA) | |
| Sınıflandırma Veya Raf Düzeni Kaynak | Dewey Decimal Classification |
| Koha Öğesi Türü | Books |
| Kalıcı Konum | Mevcut Konum | Edinme Tarihi | Toplam Check-Out'Lar | Tam Çağrı Numarası | Barkod | Tarih Son Görülme | İtibaren Geçerli Fiyatlar | Sigara Kamu Notu | Koha Öğesi Türü | Seri Numaralandırma / Kronolojik |
|---|---|---|---|---|---|---|---|---|---|---|
| CHP Kütüphanesi | CHP Kütüphanesi | 09/23/2019 | 923.1561 Evren, K. E86k 1990 | 011955 | 09/23/2019 | 09/23/2019 | Ertuğrul Çepni bağışıdır. | Books | ||
| CHP Kütüphanesi | CHP Kütüphanesi | 09/23/2019 | 923.1561 Evren, K. E86k 1990 | 011956 | 09/23/2019 | 09/23/2019 | Ertuğrul Çepni bağışıdır. | Books | c.2 | |
| CHP Kütüphanesi | CHP Kütüphanesi | 09/23/2019 | 923.1561 Evren, K. E86k 1990 | 011957 | 09/23/2019 | 09/23/2019 | Ertuğrul Çepni bağışıdır. | Books | c.3 | |
| CHP Kütüphanesi | CHP Kütüphanesi | 09/23/2019 | 923.1561 Evren, K. E86k 1990 | 011958 | 09/23/2019 | 09/23/2019 | Ertuğrul Çepni bağışıdır. | Books | c.4 |
